000 01088nac a22003497a 4500
001 BR0804904
003 BR-BrBNA
005 20240105123616.0
008 230509b bl.|||m| |||| 00| 0 por d
040 _aBR-BrBNA
_bpor
_cBiblioteca Nacional de Agricultura
072 _aE11; P31
090 _aE11 BR0804904
100 1 _aSilva, J.M.L. da
100 1 _aRodrigues, T.E.
100 1 _aValente, M.A.
100 1 _aCosta Filha, C.L.
110 1 _aEMBRAPA Amazônia Oriental, Belém, PA (Brasil)
245 1 _aAvaliação da aptidão agrícola das terras do Município de Acrelândia, Estado do Acre
260 3 _aBelém, PA (Brasil):
_c2002.
300 _a27 p.
490 _aDocumentos - EMBRAPA Amazônia Oriental (Brazil)
_vno. 146
_xISSN 1517-2201
500 _a5 tables; 12 illus.; 7 ref.
650 _aSOLO
650 _aRECONHECIMENTO DO SOLO
650 _aAPTIDÃO AGRÍCOLA
650 _aGEOLOGIA
650 _aDADOS ESTATÍSTICOS
650 _aCARTOGRAFIA
650 _aACRE
909 _a202312
_bLúcia Elande
_c55
_dLúcia Elande
942 _2AGRIS
_n0
_cMS
999 _c296206
_d296206